| 000 | 00433nam a2200181Ia 4500 | ||
|---|---|---|---|
| 001 | 326 | ||
| 005 | 20260306140509.0 | ||
| 008 | 260306t2007||||xx |||||||||||||| ||spa|| | ||
| 041 | _aESP | ||
| 082 |
_a101 _bM26 V. 3 |
||
| 100 |
_aMartínez Contreras, Jorge _eAUT |
||
| 245 | 0 |
_aEl saber filosófico : _btópicos |
|
| 260 | _c2007 | ||
| 300 |
_a394 páginas : _c23 cm. |
||
| 650 | _aGEN | ||
| 654 | _aCHU | ||
| 942 |
_cLIB _dJUS _fJUS _2ddc _n |
||
| 999 |
_c326 _d326 |
||